54 /

Tallennettuna:
Bibliografiset tiedot
Yhteisötekijä: Wu Ming
Muut tekijät: Monreal, José Ramón (traducción) (traducción)
Aineistotyyppi: Kirja
Kieli:espanja
Julkaistu: Barcelona, España : Mondadori, 2003, c2003
Sarja:(Literatura Mondadori ; 209)
Aiheet:
Tagit: Lisää tagi
Ei tageja, Lisää ensimmäinen tagi!

MARC

LEADER 00000nam^a2200000^a^4500
001 000154390
005 20250521000000.0
009 20260310100351.258
020 |a 84-397-0985-4 
037 |a Acervo ITESO - Biblioteca 
041 |a ESP 
082 |a 853.  |b WUM 
110 |a Wu Ming 
245 1 0 |a 54 /  |c Wu Ming ; tr. por J.R. Monreal. 
264 4 |a Barcelona, España :  |b Mondadori,  |c 2003, c2003 
300 |a 542 p. 
336 |a texto  |b txt  |2 rdacontenido 
337 |a sin mediación  |b n  |2 rdamedio 
338 |a volumen  |b nc  |2 rdasoporte 
440 1 |a (Literatura Mondadori ;  |v 209) 
500 |a Traducción de: 54 
545 0 |a Wu Ming ("sin nombre", en mandarín), es una marca registrada administrada por un colectivo de escritores/activistas que han constituido una compañía que proporciona "servicios narrativos". Es, asimismo, el pseudónimo con que sus fundadores, Roberto Bui, Giovanni Cattabriga, Luca Di Meo y Federico Guglielmi, firman sus creaciones que conectan la literatura con los nuevos medios de comunicación, la primera de ellas, la novela 54 (2002). Anteriormente, como parte del Proyecto Luther Blisset (1994-1999) y con este nombre, publicaron: Q (2000), Havanna Glam (2001) y Esta revolución no tiene rostro (2003). 
649 |a XX 
650 |a Novela Histórica -  |z Europa 
650 |a Novela Italiana 
650 |a Literatura Italiana -  |y Siglo XXI 
650 |a Europa en la Literatura 
650 |a Europa -  |x Historia -  |y 1945-1989 
650 |a Europa -  |x Historia -  |y Siglo XX 
700 |a Monreal, José Ramón  |e (traducción) 
910 |a Fondo General 
920 |a Impresos - Libros 
930 |a Colección General 
940 |a Literatura 
905 |a 101 
901 |a 0500085932  |b IT1  |c LIT  |u 20250521 
902 |a https://opac.biblio.iteso.mx/vufind/Record/000154390